Statistics for Every Rick Astley song that hit the Billboard hot 100

Click here to take the quiz!

General Stats

  • This quiz has been taken 59 times
  • The average score is 3 of 9

Answer Stats

Peak Chart PositionYearSong% Correct
11988Never Gonna Give You Up
98%
11988Together Forever
74%
71991Cry For Help
42%
61989She Wants To Dance With Me
40%
101988It Would Take A Strong Strong Man
20%
381989Giving Up On Love
18%
281993Hopelessly
16%
891989Ain't Too Proud To Beg
10%
811991Move Right Out
10%

Score Distribution

Percentile by Number Answered

Percent of People with Each Score

Your Score History

You have not taken this quiz